000 00472cam a2200181ua 4500
020 _c115.00
041 _ahin
_h
082 _a891.54
_bRAM/NE
100 _aRamesh Chandra, Shrivastav .
245 _aNeeji shastra meim sinchai /
_cRamesh Chandra Shrivastav.
_hTextual Documents
250 _a1 /
_b.
260 _aGorakhpur :
_bShivalay Publications ,
_c1995.
300 _a250 ; .
365 _a115.00
504 _a
942 _cBK
999 _c8190
_d8190